Informe anual sobre las actividades del Instituto Lingüístico de Verano en el Perú, 1987

Uloženo v:
Podrobná bibliografie
Korporativní autor: Instituto Lingüístico de Verano (Autor)
Médium: Kniha
Jazyk:španělština
Vydáno: Pucallpa Instituto Lingüístico de Verano 1988
Témata:
Tagy: Přidat tag
Žádné tagy, Buďte první, kdo vytvoří štítek k tomuto záznamu!

MARC

LEADER 00000nam a2200000 a 4500
001 UCN5915
003 CL-VaPUC
008 010913e19880000pe |||||||||||||||||spa|d
082 0 4 |a 305.8985  |b INS  |2 21 
110 2 |a Instituto Lingüístico de Verano  |e author  |9 461608 
245 1 0 |a Informe anual sobre las actividades del Instituto Lingüístico de Verano en el Perú, 1987 
300 |a 113 p 
942 |c BK 
945 |d 20010913 00:00:00  |a rbrito 
260 |a Pucallpa  |b Instituto Lingüístico de Verano  |c 1988 
650 0 |a Etnolingüística  |9 341076 
650 7 |a GRUPOS ETNICOS  |2 CL-VaPUC  |9 324200 
650 0 |a Bilingüismo  |9 307482 
650 0 |a Alfabetización   |9 310435 
583 |a last modification  |c 20171218 12:06:28  |k Rodrigo Vera 
999 |c 297017  |d 297015 
952 |0 0  |1 0  |4 0  |6 305_898500000000000_INS_1988  |7 0  |8 A  |9 351397  |a FDOPOS  |b FDOPOS  |d 2019-11-21  |i 3707903  |o 305.8985 INS 1988  |p 3707903  |r 2023-08-09  |w 2019-11-21  |y BK  |k MLA